Statistics for Click Every Country Code

Click here to take the quiz!

General Stats

  • This quiz has been taken 2,215 times
  • The average score is 85 of 196

Answer Stats

HintAnswer% Correct
FranceFR
66%
JamaicaJM
66%
JapanJP
66%
AlbaniaAL
65%
CyprusCY
65%
OmanOM
65%
United StatesUS
65%
AzerbaijanAZ
64%
BoliviaBO
64%
CubaCU
64%
DjiboutiDJ
64%
EgyptEG
64%
FinlandFI
64%
ItalyIT
64%
JordanJO
64%
NamibiaNA
64%
New ZealandNZ
64%
PeruPE
64%
PolandPL
64%
QatarQA
64%
SyriaSY
64%
YemenYE
64%
Cape VerdeCV
63%
EthiopiaET
63%
HaitiHT
63%
KuwaitKW
63%
LebanonLB
63%
PanamaPA
63%
RomaniaRO
63%
RwandaRW
63%
TajikistanTJ
63%
UgandaUG
63%
UzbekistanUZ
63%
AfghanistanAF
62%
AustraliaAU
62%
Burkina FasoBF
62%
EcuadorEC
62%
FijiFJ
62%
GhanaGH
62%
IraqIQ
62%
PhilippinesPH
62%
South SudanSS
62%
TurkeyTR
62%
TuvaluTV
62%
BulgariaBG
61%
CanadaCA
61%
Costa RicaCR
61%
Czech RepublicCZ
61%
GreeceGR
61%
GuyanaGY
61%
IndiaIN
61%
IranIR
61%
LuxembourgLU
61%
MozambiqueMZ
61%
NorwayNO
61%
RussiaRU
61%
TaiwanTW
61%
Saudi ArabiaSA
60%
TunisiaTN
60%
Trinidad and TobagoTT
60%
TanzaniaTZ
60%
AndorraAD
59%
San MarinoSM
59%
ThailandTH
59%
BelgiumBE
57%
EritreaER
57%
PakistanPK
57%
UkraineUA
57%
KiribatiKI
56%
Sierra LeoneSL
56%
São Tomé and PríncipeST
56%
ColombiaCO
55%
LesothoLS
55%
VenezuelaVE
55%
KenyaKE
54%
KazakhstanKZ
54%
MexicoMX
54%
United KingdomGB
53%
GuineaGN
53%
LaosLA
53%
SudanSD
53%
SomaliaSO
53%
HondurasHN
52%
HungaryHU
52%
VietnamVN
52%
BrazilBR
51%
BelizeBZ
51%
SpainES
51%
TurkmenistanTM
51%
ZimbabweZW
51%
GeorgiaGE
50%
NicaraguaNI
50%
Papua New GuineaPG
50%
BahrainBH
49%
CameroonCM
49%
UruguayUY
49%
AustriaAT
48%
DenmarkDK
48%
MalawiMW
48%
PortugalPT
48%
Federated States of MicronesiaFM
47%
GermanyDE
46%
NauruNR
46%
ArgentinaAR
45%
Dominican RepublicDO
45%
IndonesiaID
45%
SlovakiaSK
45%
TogoTG
44%
TongaTO
44%
GabonGA
43%
LiechtensteinLI
42%
DominicaDM
41%
LithuaniaLT
41%
MaliML
41%
NigeriaNG
41%
BotswanaBW
40%
MonacoMC
40%
LatviaLV
39%
LibyaLY
39%
Antigua and BarbudaAG
38%
SurinameSR
38%
Ivory CoastCI
37%
ParaguayPY
37%
BarbadosBB
36%
GuatemalaGT
36%
MalaysiaMY
36%
SwedenSE
36%
ArmeniaAM
35%
ZambiaZM
35%
GambiaGM
34%
KyrgyzstanKG
34%
MoldovaMD
34%
NepalNP
34%
NetherlandsNL
33%
SingaporeSG
33%
VanuatuVU
32%
BruneiBN
31%
ChileCL
31%
EstoniaEE
31%
IcelandIS
31%
SwitzerlandCH
30%
MadagascarMG
30%
East TimorTL
30%
GrenadaGD
29%
IrelandIE
29%
MaltaMT
28%
United Arab EmiratesAE
27%
CroatiaHR
27%
MongoliaMN
25%
EswatiniSZ
25%
Republic of the CongoCG
24%
MauritiusMU
24%
MaldivesMV
24%
South AfricaZA
24%
Central African RepublicCF
23%
ChinaCN
23%
Saint Kitts and NevisKN
23%
Vatican CityVA
23%
AngolaAO
22%
IsraelIL
22%
PalauPW
22%
BhutanBT
21%
Equatorial GuineaGQ
21%
South KoreaKR
21%
MauritaniaMR
21%
SeychellesSC
21%
BurundiBI
20%
El SalvadorSV
20%
BangladeshBD
19%
LiberiaLR
19%
SenegalSN
19%
Marshall IslandsMH
18%
MyanmarMM
17%
KosovoXK
17%
North MacedoniaMK
16%
Democratic Republic of the CongoCD
15%
NigerNE
15%
Saint LuciaLC
14%
BahamasBS
13%
North KoreaKP
13%
MoroccoMA
13%
SerbiaRS
13%
SloveniaSI
13%
Saint Vincent and the GrenadinesVC
13%
BelarusBY
12%
SamoaWS
12%
AlgeriaDZ
11%
Guinea-BissauGW
11%
Sri LankaLK
11%
MontenegroME
11%
Bosnia and HerzegovinaBA
10%
CambodiaKH
10%
ChadTD
9%
ComorosKM
8%
Solomon IslandsSB
8%
BeninBJ
7%

Score Distribution

Percentile by Number Answered

Percent of People with Each Score

Your Score History

You have not taken this quiz